Terapie drogové závislosti

Bibliographic Details
Main Author: Täschner K. L. (Author)
Format: Article
Language:Czech

MARC

LEADER 00000nab a2200000uu 4500
001 vtls011144120
003 SK-MaSNL
005 20260303125502.0
008 230218|2001 xo |||||||||||||||||cze|
015 |a SNBRB 
035 |a (urnnbn)urn:nbn:sk:snk:ar-008hgh 
035 |a (uuid)cb0540d5-445c-4496-97fa-22ec9f1d1054 
035 |a urn:nbn:sk:snk-abav7t 
040 |a SNKBUCL  |b slo  |c SNKBUCL  |e AACR2 
041 0 |a cze 
044 |a xo  |c SK 
100 1 |a Täschner K. L.  |4 aut  |9 1144018 
245 1 0 |a Terapie drogové závislosti  |c Täschner K. L. 
773 0 |t Česká a slovenská psychiatrie : časopis psychiatrické společnosti  |g Roč. 97, č. 7 (2001), s. 364-368 
954 |a odborná, vedecká literatúra cudzojazyčná (svetová)  |2 lita 
958 |a OND 
958 |a EUIPO 
958 |a article14 
999 |c 1934969  |d 1936899